000 00387nam a2200145Ia 4500
008 090124s9999 xx 000 0 und d
082 _b203942
245 _a डांगरी वाले
250 _a1
260 _bजोशी शेखर
_c1994
300 _a123
630 _a डांगरी वाले
730 _a डांगरी वाले
942 _cBOOK
999 _c185523
_d185523